| 000 | 00358nam a22001577a 4500 | ||
|---|---|---|---|
| 020 | _a0-439-32766-0 | ||
| 082 |
_a823 _bDAD/S |
||
| 100 | _aDADEY, DEBBIE | ||
| 245 |
_aSCHOOLS IN _bSHORT STORY |
||
| 246 |
_aSCHOOLS IN _bSHORT STORY |
||
| 260 |
_aLONDON _bSCHOLATIC INC _c2001 |
||
| 300 | _a64 | ||
| 520 | _aSHORT STORY | ||
| 650 | _aSHORT STORY | ||
| 942 | _cBK | ||
| 999 |
_c2768 _d2768 |
||